Famous People by Pictures - J - Statistics

General Stats
  • This quiz has been taken 79 times
  • The average score is 15 of 35
Answer Stats
Picture Answer % Correct
Justin Bieber
97%
Jennifer Aniston
94%
Justin Timberlake
91%
John Lennon
89%
Johnny Depp
89%
Jennifer Lopez
86%
Jackie Chan
83%
John Travolta
82%
Julia Roberts
79%
Jack Nicholson
71%
Janet Jackson
67%
Jodie Foster
67%
Jake Gyllenhaal
65%
J.K. Rowling
61%
Jared Leto
58%
Janis Joplin
55%
Jenna Ortega
42%
Jessie J
41%
Jane Austen
35%
Jake T. Austin
27%
Jungkook
21%
Jennette McCurdy
20%
Jimin
9%
Josh Peck
9%
Jennie
8%
Jerry Trainor
8%
Jin
8%
Jisoo
8%
Jackson Wang
5%
J.D. Salinger
5%
J-Hope
5%
Jonghyun
2%
Juicy J
2%
Jason Dolley
0%
Jongho
0%
No matching quizzes found
Score Distribution
Percent of People with Each Score
Percentile by Number Answered
Your Score History
You have not taken this quiz